000 00586nam a22001937a 4500
005 20251108175858.0
008 250721s2023 xx 000 0 ara d
082 1 4 _a628.2/حجا
100 1 _aالحجايا، عبد طالب
245 1 0 _aادارة محطات تنقية المياه العادمه /
264 1 _aعمان :
_bدار امجد للنشر،
_c2023.
300 _a374ص.
650 1 7 _aالهندسة الصحية
650 1 7 _aالصرف الصحي
650 1 7 _aمعالجة الفضلات
650 1 7 _aالاردن
942 _2ddc
_cBK
999 _c144608
_d144608